[Event "Mazowiec-chT op 1718"]
[Site "Warsaw"]
[Date "2018.01.07"]
[Round "4.13"]
[White "Wypych, Dominik"]
[Black "Sokolowski, Marek"]
[Result "1-0"]
[WhiteElo "2116"]
[BlackElo "1788"]
[PlyCount "97"]
[EventDate "2017.12.03"]
[EventType "team-swiss"]
[EventRounds "10"]
[EventCountry "POL"]
[SourceTitle "EXT 2020"]
[Source "ChessBase"]
[SourceDate "2019.10.17"]
[SourceVersion "1"]
[SourceVersionDate "2019.10.17"]
[SourceQuality "1"]

1. d4 Nf6 2. c4 g6 3. Nc3 Bg7 4. e4 d6 5. Be2 0-0 6. Bg5 Na6 7. Qd2 Qe8 8. f3 e5 9. d5 Nd7 10. g4 f5 11. Be3 fxg4 12. fxg4 Nf6 13. h3 Nc5 14. Qc2 a5 15. Nf3 Bd7 16. Nd2 a4 17. 0-0-0 Qe7 18. Rdg1 c6 19. Kb1 cxd5 20. cxd5 Rfc8 21. Qd1 Rcb8 22. g5 Ne8 23. Qf1 Nc7 24. Nd1 b5 25. Nf2 b4 26. h4 Nb5 27. Bxb5 Bxb5 28. Qh3 Be2 29. Re1 Bh5 30. Rc1 Rf8 31. Rc4 Rab8 32. Bxc5 dxc5 33. Qe3 Rfc8 34. Nd3 Bf8 35. Rhc1 Rb5 36. Rxb4 Rxb4 37. Nxb4 Qb7 38. Nd3 Bd6 39. Nc4 Qc7 40. Nxd6 Qxd6 41. Rxc5 Rf8 42. Rc6 Qb8 43. Qb6 Bf3 44. Qxb8 Rxb8 45. Rc4 a3 46. b3 Be2 47. Kc2 Kf8 48. Kd2 Bxd3 49. Kxd3 1-0

[Event "Mazowiec-chT op"]
[Site "Poland"]
[Date "2014.10.26"]
[Round "3.17"]
[White "Chylewski, Patryk"]
[Black "Sokolowski, Marek"]
[Result "1-0"]
[WhiteElo "1932"]
[BlackElo "1779"]
[PlyCount "68"]
[EventDate "2014.10.05"]
[EventType "team-tourn"]
[EventRounds "10"]
[EventCountry "POL"]
[SourceTitle "EXT 2019"]
[Source "ChessBase"]
[SourceDate "2018.10.10"]
[SourceVersion "1"]
[SourceVersionDate "2018.10.10"]
[SourceQuality "1"]

1. d4 Nf6 2. c4 g6 3. Nc3 Bg7 4. e4 d6 5. Nf3 0-0 6. Be2 Bg4 7. 0-0 Nfd7 8. Be3 c5 9. d5 a6 10. a4 Bxf3 11. Bxf3 Qb6 12. Qc2 Qb4 13. Be2 Bd4 14. Bh6 Re8 15. a5 b5 16. cxb5 axb5 17. Bd2 c4 18. Na4 Qb3 19. Qxb3 cxb3 20. Bxb5 Rc8 21. Rfc1 Rxc1+ 22. Rxc1 Nc5 23. Nxc5 dxc5 24. Ra1 Na6 25. Ra3 Bxb2 26. Rxb3 Bd4 27. Bc4 Kg7 28. g3 f5 29. exf5 gxf5 30. Rb7 Bf6 31. d6 Nb4 32. dxe7 Re8 33. a6 Nxa6 34. Bxa6 Rxe7 1-0

[Event "Mazowiec-chT op 2013"]
[Site "Poland"]
[Date "2013.12.08"]
[Round "9.5"]
[White "Sokolowski, Marek"]
[Black "Rozycki, Bartlomiej"]
[Result "0-1"]
[WhiteElo "1797"]
[BlackElo "2002"]
[PlyCount "110"]
[EventDate "2013.09.29"]
[EventType "team-swiss"]
[EventRounds "10"]
[EventCountry "POL"]
[SourceTitle "EXT 2019"]
[Source "ChessBase"]
[SourceDate "2018.10.10"]
[SourceVersion "1"]
[SourceVersionDate "2018.10.10"]
[SourceQuality "1"]

1. e4 c5 2. Nf3 d6 3. d4 cxd4 4. Nxd4 Nf6 5. Nc3 a6 6. Be2 e6 7. Be3 Be7 8. Qd2 b5 9. a3 Bb7 10. f3 Nbd7 11. 0-0-0 Nb6 12. g4 Nfd7 13. g5 Ne5 14. b3 d5 15. Kb2 Rc8 16. f4 Bxa3+ 17. Kxa3 b4+ 18. Ka2 bxc3 19. Qc1 Ned7 20. Qa3 dxe4 21. f5 Qe7 22. fxe6 fxe6 23. Rhf1 Qxa3+ 24. Kxa3 Ke7 25. Bg4 Bd5 26. Ne2 Ne5 27. Bxb6 Nxg4 28. h3 Nh2 29. Rg1 Nf3 30. Rg3 Rhf8 31. b4 Rf5 32. Bc5+ Kf7 33. h4 Nd2 34. Nxc3 Nc4+ 35. Ka2 Ne3+ 36. Rxd5 exd5 37. Rxe3 a5 38. Kb3 axb4 39. Kxb4 Rb8+ 40. Nb5 Rf1 41. c4 Ke6 42. cxd5+ Kxd5 43. Rb3 Kc6 44. Kc4 Rxb5 45. Rxb5 Rc1+ 46. Kd4 Kxb5 47. Bf8 Rc4+ 48. Ke3 g6 49. Bg7 Kc6 50. Bf6 Kd5 51. Bg7 Rb4 52. Bf6 Rb3+ 53. Kf2 Ke6 54. Bd4 Kf5 55. Be3 Kg4 0-1

[Event "Mazowiec-chT op 2013"]
[Site "Poland"]
[Date "2013.10.27"]
[Round "6.5"]
[White "Sokolowski, Marek"]
[Black "Zychowicz, Marcin"]
[Result "1-0"]
[WhiteElo "1797"]
[BlackElo "1661"]
[PlyCount "105"]
[EventDate "2013.09.29"]
[EventType "team-swiss"]
[EventRounds "10"]
[EventCountry "POL"]
[SourceTitle "EXT 2019"]
[Source "ChessBase"]
[SourceDate "2018.10.10"]
[SourceVersion "1"]
[SourceVersionDate "2018.10.10"]
[SourceQuality "1"]

1. e4 e5 2. Nf3 Nc6 3. Bb5 a6 4. Ba4 Nf6 5. 0-0 Be7 6. Qe2 b5 7. Bb3 d6 8. c3 Bg4 9. a4 0-0 10. d3 Na5 11. Bc2 c5 12. Be3 Re8 13. Nbd2 Qc7 14. Nb3 Nxb3 15. Bxb3 h6 16. h3 Bd7 17. Nd2 Qb7 18. axb5 axb5 19. f4 Rxa1 20. Rxa1 exf4 21. Bxf4 Bc6 22. Qf2 d5 23. e5 Nh7 24. d4 cxd4 25. cxd4 Bd8 26. Nf3 Nf8 27. Qc2 Ne6 28. Be3 h5 29. Qd3 g6 30. Bc2 Be7 31. Qb3 Ra8 32. Ra2 b4 33. Bd2 Rxa2 34. Qxa2 Qb6 35. Be3 Kg7 36. Bb3 Qb7 37. Qa5 Bd8 38. Qa2 Bb6 39. Kf2 Qa8 40. Qxa8 Bxa8 41. Ba4 Kf8 42. Ke2 Bb7 43. Bb5 Ke7 44. Kd2 Nd8 45. Kc2 Bc6 46. Bg5+ Kd7 47. Bxd8 Bxd8 48. e6+ Kd6 49. Bxc6 Kxc6 50. exf7 Be7 51. Ne5+ Kd6 52. Nxg6 Ke6 53. f8Q 1-0

[Event "Warsaw YMCA Spring 122nd"]
[Site "Warsaw"]
[Date "2013.05.24"]
[Round "7"]
[White "Sujkowski, Pawel"]
[Black "Sokolowski, Marek"]
[Result "1/2-1/2"]
[WhiteElo "1956"]
[BlackElo "1885"]
[PlyCount "38"]
[EventDate "2013.04.11"]
[EventType "tourn"]
[EventRounds "13"]
[EventCountry "POL"]
[SourceTitle "EXT 2014"]
[Source "ChessBase"]
[SourceDate "2013.11.20"]
[SourceVersion "1"]
[SourceVersionDate "2013.11.20"]
[SourceQuality "1"]

1. e4 c5 2. Nf3 d6 3. d4 cxd4 4. Nxd4 Nf6 5. Nc3 a6 6. Be3 e6 7. g4 b5 8. Bg2 Bb7 9. g5 Nfd7 10. f4 Nc6 11. Nxc6 Bxc6 12. Ne2 Be7 13. 0-0 e5 14. h4 exf4 15. Nxf4 Ne5 16. Nd5 Bxd5 17. exd5 0-0 18. Bd4 f6 19. Bxe5 fxe5 1/2-1/2

[Event "Warsaw YMCA Spring 122nd"]
[Site "Warsaw"]
[Date "2013.05.09"]
[Round "6"]
[White "Sokolowski, Marek"]
[Black "Pastuszko, Kinga"]
[Result "1/2-1/2"]
[WhiteElo "1885"]
[BlackElo "1882"]
[PlyCount "103"]
[EventDate "2013.04.11"]
[EventType "tourn"]
[EventRounds "13"]
[EventCountry "POL"]
[SourceTitle "EXT 2014"]
[Source "ChessBase"]
[SourceDate "2013.11.20"]
[SourceVersion "1"]
[SourceVersionDate "2013.11.20"]
[SourceQuality "1"]

1. e4 c5 2. Nf3 d6 3. d4 cxd4 4. Nxd4 Nf6 5. Nc3 a6 6. Bg5 e6 7. Be2 h6 8. Be3 Nc6 9. Qd2 e5 10. Nxc6 bxc6 11. Rd1 Be7 12. Bc4 Ng4 13. 0-0 Nxe3 14. Qxe3 0-0 15. Kh1 Be6 16. Bxe6 fxe6 17. Na4 Qa5 18. b3 Qc7 19. Qh3 Rf6 20. c4 Rd8 21. Nc3 Qb6 22. Rd2 Rdf8 23. Qg3 Kh7 24. Na4 Qa7 25. f3 Rf4 26. Qf2 Qc7 27. Rfd1 Rd8 28. Rd3 Rdf8 29. Qe2 g5 30. h3 h5 31. g4 hxg4 32. hxg4 Kg7 33. Kg2 Rh8 34. Rh1 Rxh1 35. Kxh1 Rf8 36. Kg2 Rh8 37. Rd1 Qa7 38. Qd2 Kg6 39. Rg1 Qd7 40. Rh1 Rxh1 41. Kxh1 a5 42. Qe3 Bd8 43. Kg2 Qb7 44. Qd2 Qb4 45. Qxb4 axb4 46. Kf2 Kf6 47. Ke3 Ke7 48. Kd3 Kd7 49. Nb2 Bb6 50. Kc2 Bc5 51. Nd3 Kc7 52. Nxc5 1/2-1/2

[Event "Warsaw YMCA Spring 122nd"]
[Site "Warsaw"]
[Date "2013.04.11"]
[Round "1"]
[White "Sokolowski, Marek"]
[Black "Koziol, Pawel"]
[Result "1/2-1/2"]
[WhiteElo "1885"]
[BlackElo "1883"]
[PlyCount "169"]
[EventDate "2013.04.11"]
[EventType "tourn"]
[EventRounds "13"]
[EventCountry "POL"]
[SourceTitle "EXT 2014"]
[Source "ChessBase"]
[SourceDate "2013.11.20"]
[SourceVersion "1"]
[SourceVersionDate "2013.11.20"]
[SourceQuality "1"]

1. e4 e5 2. Nf3 Nc6 3. Bb5 a6 4. Ba4 Nf6 5. 0-0 Be7 6. Qe2 b5 7. Bb3 0-0 8. c3 Bb7 9. d4 d6 10. Rd1 Nd7 11. a4 bxa4 12. Bxa4 Bf6 13. d5 Ne7 14. Be3 Ng6 15. Nbd2 Nf4 16. Bxf4 exf4 17. Nc4 Nb6 18. Bb3 Nxc4 19. Bxc4 Re8 20. Nd4 Bxd4 21. Rxd4 a5 22. Bb5 Re5 23. Qd2 Qh4 24. f3 Rh5 25. h3 Bc8 26. Qf2 Qg5 27. Kh2 c5 28. Rda4 Qd8 29. b4 Rb8 30. Rxa5 cxb4 31. cxb4 f5 32. Qa7 Rb7 33. Qf2 Rb8 34. Ra8 Rxb5 35. Rc1 Kf7 36. Raxc8 Qg5 37. R1c7+ Kg6 38. e5 Qg3+ 39. Qxg3+ fxg3+ 40. Kxg3 f4+ 41. Kxf4 Rxe5 42. Rc4 Rbxd5 43. R8c6 Re2 44. g4 Kf6 45. g5+ Kg6 46. h4 Rh2 47. Kg3 Rdd2 48. Rg4 Rhg2+ 49. Kh3 Rh2+ 50. Kg3 Rhg2+ 51. Kh3 Rh2+ 52. Kg3 Rhg2+ 53. Kf4 Rd4+ 54. Ke3 Rgxg4 55. fxg4 Rxb4 56. Rxd6+ Kf7 57. Rd7+ Kf8 58. Rd4 Rb1 59. Kf4 Rf1+ 60. Ke5 Ke7 61. h5 Re1+ 62. Kf5 Rf1+ 63. Ke5 Re1+ 64. Kd5 Ra1 65. Re4+ Kf7 66. Rf4+ Kg8 67. Ke4 Ra4+ 68. Kf3 Ra3+ 69. Kg2 Ra5 70. Rf5 Ra4 71. Kg3 Ra3+ 72. Kh4 Ra1 73. g6 hxg6 74. hxg6 Ra6 75. Kg5 Ra8 76. Rb5 Rc8 77. Kf5 Ra8 78. Rb6 Re8 79. Rc6 Rf8+ 80. Ke5 Re8+ 81. Kd6 Rf8 82. Ke7 Ra8 83. Rc7 Rb8 84. Rd7 Ra8 85. Rd8+ 1/2-1/2

[Event "Mazowiec-chT op Autumn"]
[Site "Poland"]
[Date "2012.12.09"]
[Round "8.9"]
[White "Sokolowski, Marek"]
[Black "Borkowski, Adam"]
[Result "0-1"]
[WhiteElo "1883"]
[BlackElo "1796"]
[PlyCount "106"]
[EventDate "2012.10.14"]
[EventType "team-swiss"]
[EventRounds "8"]
[EventCountry "POL"]
[SourceTitle "EXT 2019"]
[Source "ChessBase"]
[SourceDate "2018.10.10"]
[SourceVersion "1"]
[SourceVersionDate "2018.10.10"]
[SourceQuality "1"]

1. e4 c5 2. Nf3 Nc6 3. d4 cxd4 4. Nxd4 Nf6 5. Nc3 d6 6. Be2 g6 7. Bg5 Bg7 8. Nb3 Be6 9. Qd2 h6 10. Bh4 Rc8 11. f3 a6 12. Bf2 b5 13. 0-0-0 Na5 14. Nd5 Nxb3+ 15. axb3 Nxd5 16. exd5 Bf5 17. Bd3 Bxd3 18. Qxd3 Qa5 19. Kb1 0-0 20. Rhe1 Rc7 21. Re4 Rfc8 22. Rd2 Rc3 23. Qe2 Rxb3 24. Bd4 Rb4 25. Bxg7 Rxe4 26. fxe4 Kxg7 27. e5 Qc7 28. exd6 Qxd6 29. g3 Rc5 30. Qd3 Qe5 31. d6 exd6 32. Qxd6 Qxd6 33. Rxd6 a5 34. c3 f5 35. Kc2 g5 36. Kd3 a4 37. Kd4 Rc4+ 38. Kd3 f4 39. Rd5 fxg3 40. hxg3 Rg4 41. Rxb5 Rxg3+ 42. Kd4 h5 43. c4 h4 44. c5 h3 45. Rb7+ Kg6 46. Rb6+ Kg7 47. c6 h2 48. Rb7+ Kg6 49. c7 h1Q 50. Rb6+ Kg7 51. c8Q Qd1+ 52. Ke5 Re3+ 53. Kf5 Qf3+ 0-1

[Event "Mazowiec-chT op Autumn"]
[Site "Poland"]
[Date "2012.10.21"]
[Round "3.17"]
[White "Sokolowski, Krzysztof"]
[Black "Sokolowski, Marek"]
[Result "0-1"]
[WhiteElo "2016"]
[BlackElo "1883"]
[PlyCount "94"]
[EventDate "2012.10.14"]
[EventType "team-swiss"]
[EventRounds "8"]
[EventCountry "POL"]
[SourceTitle "EXT 2019"]
[Source "ChessBase"]
[SourceDate "2018.10.10"]
[SourceVersion "1"]
[SourceVersionDate "2018.10.10"]
[SourceQuality "1"]

1. d4 Nf6 2. Nf3 g6 3. g3 Bg7 4. Bg2 0-0 5. c4 d6 6. 0-0 c6 7. Nc3 Bg4 8. Bg5 h6 9. Bf4 Kh7 10. h3 Bxf3 11. Bxf3 Nbd7 12. e4 Qc7 13. d5 g5 14. Be3 Ne5 15. Be2 Qd7 16. Kg2 g4 17. Rh1 Rh8 18. Qd2 Kg6 19. hxg4 Nexg4 20. Rh4 Nxe3+ 21. Qxe3 h5 22. e5 dxe5 23. Rah1 Ng4 24. Bxg4 hxg4 25. Qe4+ f5 26. Qd3 Kf7 27. Qe3 Qd6 28. c5 Qg6 29. Qe2 Rxh4 30. Rxh4 Rd8 31. Qc4 cxd5 32. Qb3 Qc6 33. Rh1 Kg6 34. Nd1 d4+ 35. Kg1 Rd5 36. Qd3 Rxc5 37. Rh4 Qf3 38. Qb3 Qxb3 39. axb3 Rb5 40. Kg2 Rxb3 41. Rh1 e4 42. Kf1 a5 43. Ke2 d3+ 44. Ke3 Bxb2 45. f3 gxf3 46. Nf2 e5 47. g4 Bd4+ 0-1

[Event "Mazowiec-chT op Autumn"]
[Site "Poland"]
[Date "2012.10.21"]
[Round "4.21"]
[White "Sokolowski, Marek"]
[Black "Hryszkiewicz, Michal"]
[Result "1/2-1/2"]
[WhiteElo "1883"]
[BlackElo "1821"]
[PlyCount "67"]
[EventDate "2012.10.14"]
[EventType "team-swiss"]
[EventRounds "8"]
[EventCountry "POL"]
[SourceTitle "EXT 2019"]
[Source "ChessBase"]
[SourceDate "2018.10.10"]
[SourceVersion "1"]
[SourceVersionDate "2018.10.10"]
[SourceQuality "1"]

1. e4 g6 2. d4 Bg7 3. c4 d6 4. Nc3 Nf6 5. Nf3 0-0 6. Be2 c5 7. d5 a6 8. h3 e6 9. a4 exd5 10. cxd5 Re8 11. Qc2 Qe7 12. Nd2 Nbd7 13. 0-0 Rb8 14. a5 b6 15. axb6 Nxb6 16. f3 Nh5 17. Nc4 Nxc4 18. Bxc4 Bd4+ 19. Kh2 Qh4 20. Ne2 Be5+ 21. f4 Bg7 22. Ra3 g5 23. Bxa6 Bd7 24. Bc4 gxf4 25. Nxf4 Nxf4 26. Bxf4 Rxb2 27. Qd3 Be5 28. Qg3+ Qxg3+ 29. Rxg3+ Kf8 30. Bxe5 Rxe5 31. Rgf3 Be8 32. Bd3 Rg5 33. R1f2 Rb4 34. Rc2 1/2-1/2

[Event "Mazowiec-chT 0910"]
[Site "Mazowsze"]
[Date "2010.03.28"]
[Round "9.10"]
[White "Sokolowski, Marek"]
[Black "Bugajski, Robert"]
[Result "0-1"]
[WhiteElo "1952"]
[BlackElo "2209"]
[PlyCount "56"]
[EventDate "2009.11.29"]
[EventType "team-tourn"]
[EventRounds "11"]
[EventCountry "POL"]
[SourceTitle "EXT 2011"]
[Source "ChessBase"]
[SourceDate "2010.11.26"]
[SourceVersion "1"]
[SourceVersionDate "2010.11.26"]
[SourceQuality "1"]

1. e4 e6 2. d4 d5 3. exd5 exd5 4. Bd3 Nc6 5. c3 Bd6 6. Nf3 Nge7 7. Bg5 h6 8. Bh4 Bg4 9. Nbd2 Qd7 10. Qc2 Bf5 11. 0-0-0 Bxd3 12. Qxd3 0-0 13. Bg3 Ng6 14. Bxd6 Qxd6 15. g3 Rfe8 16. h4 a6 17. h5 Nf8 18. Nh4 Qe6 19. Rhe1 Qxe1 20. Rxe1 Rxe1+ 21. Kc2 Rae8 22. Qf3 Ne7 23. c4 Ne6 24. Qc3 Re2 25. f4 c5 26. dxc5 Nxc5 27. Qf3 Nc6 28. Qxd5 Nb4+ 0-1

[Event "Mazowiec-chT 0910"]
[Site "Mazowsze"]
[Date "2010.02.28"]
[Round "7.16"]
[White "Skwarczylo, Marek"]
[Black "Sokolowski, Marek"]
[Result "1-0"]
[WhiteElo "1959"]
[BlackElo "1952"]
[PlyCount "79"]
[EventDate "2009.11.29"]
[EventType "team-tourn"]
[EventRounds "11"]
[EventCountry "POL"]
[SourceTitle "EXT 2011"]
[Source "ChessBase"]
[SourceDate "2010.11.26"]
[SourceVersion "1"]
[SourceVersionDate "2010.11.26"]
[SourceQuality "1"]

1. d4 Nf6 2. Nf3 d6 3. c4 g6 4. Nc3 Bg7 5. e4 0-0 6. Be2 e5 7. 0-0 Nc6 8. d5 Ne7 9. Ne1 Nd7 10. Nd3 f5 11. Bd2 Nf6 12. f3 Rf7 13. c5 f4 14. Qc2 g5 15. Rac1 a6 16. Na4 Ng6 17. Ba5 dxc5 18. Naxc5 b6 19. Ne6 Bxe6 20. dxe6 Re7 21. Bc3 Rxe6 22. Qb3 Qd6 23. Rfd1 Kh8 24. Nxf4 Nxf4 25. Rxd6 Rxd6 26. Bf1 Nd7 27. Rd1 Nc5 28. Qc2 Rad8 29. Rxd6 Rxd6 30. b4 Nd7 31. Bxa6 c6 32. Bf1 Ne6 33. a4 c5 34. Qb2 Nd4 35. bxc5 Nxc5 36. a5 b5 37. Qa3 Rc6 38. a6 Nxa6 39. Bxd4 b4 40. Qa4 1-0

[Event "Mazowiec-chT 0708"]
[Site "Poland"]
[Date "2008.01.06"]
[Round "6"]
[White "Sokolowski, Marek"]
[Black "Kurpiewski, Slawomir"]
[Result "1/2-1/2"]
[WhiteElo "1963"]
[BlackElo "2184"]
[PlyCount "171"]
[EventDate "2007.10.14"]
[EventType "team-tourn"]
[EventRounds "10"]
[EventCountry "POL"]
[SourceTitle "EXT 2010"]
[Source "ChessBase"]
[SourceDate "2010.11.25"]
[SourceVersion "1"]
[SourceVersionDate "2010.11.25"]
[SourceQuality "1"]

1. e4 e5 2. Nf3 Nc6 3. Bb5 a6 4. Ba4 Nf6 5. 0-0 Be7 6. Re1 b5 7. Bb3 0-0 8. c3 d5 9. exd5 e4 10. dxc6 exf3 11. Qxf3 Bg4 12. Qg3 Re8 13. f3 Qd3 14. fxg4 Bc5+ 15. Re3 Rad8 16. Na3 Rd6 17. Bc2 Bxe3+ 18. dxe3 Qe2 19. h3 Rxc6 20. Qf3 Qe1+ 21. Kh2 Rce6 22. Bb3 Re5 23. Nc2 Qh4 24. Bd2 c5 25. a4 c4 26. Ba2 Re4 27. g3 Qh6 28. Kg2 Nd5 29. Rf1 R8e7 30. axb5 axb5 31. Bb1 Qa6 32. Qf5 R4e5 33. Nb4 Rxf5 34. Nxa6 Rxf1 35. Kxf1 Ra7 36. Be4 Nf6 37. Nc5 Ra2 38. Bf3 Rxb2 39. Ke1 Kf8 40. g5 Ne8 41. Bc6 Nd6 42. e4 Ke7 43. Kd1 f6 44. Kc1 Ra2 45. h4 Ra7 46. gxf6+ gxf6 47. Bd5 Nf7 48. Bf4 Ra2 49. Bc6 Nd6 50. Nb7 Nxb7 51. Bxb7 Ra3 52. Kb2 Rb3+ 53. Kc2 Ra3 54. Bc6 Rb3 55. Bc7 Ke6 56. Bd5+ Kd7 57. Bb6 Ra3 58. Bd4 Ra2+ 59. Kc1 Ke7 60. Be3 Kd6 61. Bf4+ Kc5 62. Bg8 b4 63. cxb4+ Kxb4 64. Bd2+ Kb3 65. Be3 Kc3 66. Kb1 Rb2+ 67. Ka1 Re2 68. Bf4 Kb3 69. Kb1 Re1+ 70. Bc1 h6 71. Bd5 Rg1 72. h5 Rxg3 73. Bxh6 Rg1+ 74. Bc1 Rh1 75. h6 Rh2 76. Bg8 Rh1 77. Be6 Rh2 78. Bf5 Rh4 79. h7 Rh1 80. Bg6 Rh2 81. Bf5 Rh1 82. Bg6 Rh2 83. Bf4 Rh1+ 84. Bc1 Rh2 85. Bf5 Rh1 86. Bg6 1/2-1/2

[Event "POL-chT Mazovia 06/07 op"]
[Site "Poland"]
[Date "2007.02.25"]
[Round "10.33"]
[White "Paziewski, Marcin"]
[Black "Sokolowski, Marek"]
[Result "1-0"]
[WhiteElo "1834"]
[BlackElo "1982"]
[PlyCount "151"]
[EventDate "2006.10.22"]
[EventType "team-swiss"]
[EventRounds "10"]
[EventCountry "POL"]
[SourceTitle "EXT 2019"]
[Source "ChessBase"]
[SourceDate "2018.10.10"]
[SourceVersion "1"]
[SourceVersionDate "2018.10.10"]
[SourceQuality "1"]
[WhiteTeam "Piastow Roszmeni"]
[BlackTeam "Legion Legionowo II"]
[WhiteTeamCountry "POL"]
[BlackTeamCountry "POL"]

1. d4 Nf6 2. c4 d6 3. Nc3 g6 4. e4 Bg7 5. Nf3 0-0 6. Be2 e5 7. dxe5 dxe5 8. Qxd8 Rxd8 9. Bg5 Re8 10. Nd5 Nxd5 11. cxd5 c6 12. Bc4 h6 13. Be3 Bd7 14. Ke2 cxd5 15. Bxd5 Bb5+ 16. Kd2 Bc6 17. Bxc6 Nxc6 18. Rhd1 f5 19. exf5 gxf5 20. Ke1 Rad8 21. Rxd8 Rxd8 22. Rd1 Rxd1+ 23. Kxd1 Kf7 24. Kc2 b6 25. g3 Ke6 26. a3 e4 27. Ne1 Nd4+ 28. Kb1 Ne2 29. Nc2 h5 30. Nb4 Nd4 31. Nc2 Nf3 32. h4 Kd5 33. Nb4+ Kd6 34. Bf4+ Be5 35. Be3 Ne1 36. Nc2 Ng2 37. Bd2 f4 38. gxf4 Bxf4 39. Bxf4+ Nxf4 40. Ne3 Nd3 41. Nf5+ Ke5 42. Ng3 Nxf2 43. Nxh5 Kf5 44. Ng3+ Kf4 45. h5 Ng4 46. Ne2+ Ke3 47. Ng3 Kf3 48. Nf5 e3 49. Nd4+ Ke4 50. Nc2 Kd3 51. Kc1 e2 52. Ne1+ Ke3 53. Kc2 Nh6 54. b4 Nf5 55. Kc3 Nh6 56. b5 Ng4 57. a4 Nh6 58. Kc4 Kd2 59. Ng2 e1Q 60. Nxe1 Kxe1 61. Kd5 Kd2 62. Kc6 Kc3 63. Kb7 Kb4 64. Kxa7 Kc5 65. a5 bxa5 66. b6 Nf7 67. b7 Nd8 68. h6 Nxb7 69. Kxb7 a4 70. h7 Kb4 71. h8Q a3 72. Qa1 Kb3 73. Kb6 Kb4 74. Qa2 Ka4 75. Kc5 Ka5 76. Qxa3# 1-0

[Event "POL-chT Mazovia 06/07 op"]
[Site "Poland"]
[Date "2007.01.21"]
[Round "7.41"]
[White "Paziewski, Marcin"]
[Black "Sokolowski, Marek"]
[Result "0-1"]
[WhiteElo "1834"]
[BlackElo "1982"]
[PlyCount "124"]
[EventDate "2006.10.22"]
[EventType "team-swiss"]
[EventRounds "10"]
[EventCountry "POL"]
[SourceTitle "EXT 2019"]
[Source "ChessBase"]
[SourceDate "2018.10.10"]
[SourceVersion "1"]
[SourceVersionDate "2018.10.10"]
[SourceQuality "1"]
[WhiteTeam "Piastow Roszmeni"]
[BlackTeam "Legion Legionowo II"]
[WhiteTeamCountry "POL"]
[BlackTeamCountry "POL"]

1. d4 Nf6 2. c4 d6 3. Nc3 g6 4. e4 Bg7 5. Nf3 0-0 6. Be2 e5 7. d5 a5 8. Be3 Na6 9. 0-0 Nh5 10. Nd2 Nf4 11. Rc1 f5 12. f3 Nxe2+ 13. Qxe2 f4 14. Bf2 g5 15. a3 h5 16. h3 Bd7 17. Nb5 b6 18. b4 axb4 19. axb4 Nxb4 20. Ra1 Bxb5 21. cxb5 Nc2 22. Rxa8 Qxa8 23. Rc1 Nd4 24. Bxd4 exd4 25. Rxc7 Qa1+ 26. Kh2 Rf6 27. Nb3 d3 28. Qxd3 Qe1 29. Qd2 Qg3+ 30. Kg1 g4 31. Qf2 gxf3 32. Nd4 fxg2 33. Qxg3 fxg3 34. Nf5 Bh6 35. Kxg2 Bf4 36. Rb7 Rf8 37. Rxb6 Ra8 38. Nxg3 h4 39. Nf5 Ra2+ 40. Kf3 Be5 41. Rb8+ Kf7 42. b6 Rb2 43. b7 Rb3+ 44. Kg4 Rb4 45. Rh8 Bxh8 46. Nxd6+ Kg6 47. Kxh4 Be5 48. Nf5 Rxb7 49. Kg4 Rb4 50. Kf3 Rb1 51. Ne7+ Kf6 52. Nc6 Rb3+ 53. Kg4 Rg3+ 54. Kh4 Re3 55. Nxe5 Kxe5 56. Kg5 Rxe4 57. h4 Kxd5 58. h5 Ke6 59. Kg6 Rg4+ 60. Kh7 Kf7 61. h6 Rg6 62. Kh8 Rxh6# 0-1

[Event "POL-chT Mazovia 06/07 op"]
[Site "Poland"]
[Date "2007.01.07"]
[Round "6.25"]
[White "Sokolowski, Marek"]
[Black "Dobrowolski, Marcin"]
[Result "0-1"]
[WhiteElo "1982"]
[BlackElo "1908"]
[PlyCount "82"]
[EventDate "2006.10.22"]
[EventType "team-swiss"]
[EventRounds "10"]
[EventCountry "POL"]
[SourceTitle "EXT 2019"]
[Source "ChessBase"]
[SourceDate "2018.10.10"]
[SourceVersion "1"]
[SourceVersionDate "2018.10.10"]
[SourceQuality "1"]
[WhiteTeam "Legion Legionowo II"]
[BlackTeam "Jablonna Lotos"]
[WhiteTeamCountry "POL"]
[BlackTeamCountry "POL"]

1. e4 d6 2. d4 Nf6 3. Nc3 c6 4. Nf3 Nbd7 5. Be2 e5 6. 0-0 Be7 7. h3 0-0 8. Be3 b5 9. a3 Bb7 10. Bd3 a6 11. Nh4 exd4 12. Bxd4 c5 13. Bxf6 Nxf6 14. Re1 c4 15. Bf1 Nxe4 16. Nxe4 d5 17. Nf5 dxe4 18. Qxd8 Bxd8 19. Nd6 Bc6 20. Nxe4 Ba5 21. c3 Bb6 22. Nd6 g6 23. a4 Rad8 24. axb5 axb5 25. Ra6 Bxf2+ 26. Kxf2 Rxd6 27. Be2 Rfd8 28. Bf3 Bxf3 29. Rxd6 Rxd6 30. Kxf3 Rd2 31. Re2 Rxe2 32. Kxe2 Kf8 33. Ke3 Ke7 34. Kd4 Kd6 35. g3 f5 36. Ke3 Ke5 37. Kf3 g5 38. g4 f4 39. Kf2 Ke4 40. Ke2 f3+ 41. Kf2 Kf4 0-1

[Event "POL-chT Mazovia 06/07 op"]
[Site "Poland"]
[Date "2006.12.03"]
[Round "4.41"]
[White "Sokolowski, Marek"]
[Black "Adamski, Jan"]
[Result "0-1"]
[WhiteElo "1982"]
[BlackElo "2355"]
[PlyCount "20"]
[EventDate "2006.10.22"]
[EventType "team-swiss"]
[EventRounds "10"]
[EventCountry "POL"]
[SourceTitle "EXT 2019"]
[Source "ChessBase"]
[SourceDate "2018.10.10"]
[SourceVersion "1"]
[SourceVersionDate "2018.10.10"]
[SourceQuality "1"]
[WhiteTeam "Legion Legionowo II"]
[BlackTeam "Grodzisk Polfa Mazowiecki III"]
[WhiteTeamCountry "POL"]
[BlackTeamCountry "POL"]

1. e4 c5 2. Nf3 e6 3. d3 Nc6 4. Nc3 Nge7 5. Be3 d6 6. g3 e5 7. Bg2 g6 8. 0-0 Bg7 9. Qd2 h6 10. Nh4 Nd4 0-1